Normal view
MARC view
- Financial Accounting
Entry Topical Term
001 - CONTROL NUMBER
- control field: 1436
003 - CONTROL NUMBER IDENTIFIER
- control field: JO-AjAnu
005 - DATE AND TIME OF LATEST TRANSACTION
- control field: 20230606070535.0
008 - FIXED-LENGTH DATA ELEMENTS
- fixed length control field: 230606|| aca||aabn | a|a d
040 ## - CATALOGING SOURCE
- Original cataloging agency: JO-AjAnu
- Transcribing agency: JO-AjAnu
150 ## - HEADING--TOPICAL TERM
- Topical term or geographic name entry element: Financial Accounting
670 ## - SOURCE DATA FOUND
- Source citation: Work cat.: (JO-AjAnu)757: Nour,Abdul Naser/ A. Jaffarulla, author 1435, Financial Accounting in English : Principles and Practices